EM 2024 Teilnehmer - Statistiken

Allgemein
  • Dieses Quiz wurde 592 mal gespielt
  • Das Durchschnittsergebnis liegt bei 23 aus 24
Antwortstatistiken
EM24 Teihlnehmer % Korrekt
Deutschland
99%
Frankreich
99%
Spanien.
99%
England
98%
Portugal
98%
Schweiz
98%
Italien
97%
Niederlande
97%
Ungarn
97%
Österreich
96%
Schottland
96%
Dänemark
95%
Kroatien
95%
Türkei
95%
Belgien
94%
Polen
93%
Slowakei
93%
Albanien
92%
Slowenien
92%
Tschechien
91%
Ukraine
91%
Rumänien
90%
Georgien
88%
Serbien
88%
Keine übereinstimmenden Quizze gefunden
Verteilung der Resultate
Anzahl Personen mit jedem Resultat
Perzentil nach korrekt beantworteten Fragen
Ihre Resultats-Entwicklung
Sie haben dieses Quiz noch nicht gespielt